| 000 | 01155cam a2200289 4500 | ||
|---|---|---|---|
| 008 | 020719n2001 000 0 eng u | ||
| 020 | _a9780203164532 | ||
| 035 | _a(Sirsi) u118910 | ||
| 041 | _aeng | ||
| 050 | _a333.332 | ||
| 100 | _aSchiller, R. | ||
| 245 | 0 | 4 |
_aThe dynamics of property location _bvalue and the factors which drive the location of shops, offices and other land uses _h[electronic resource] |
| 260 |
_aLondon _bSpon _c2001 |
||
| 300 | _aeBook | ||
| 520 | _aThis eBook considers the factors, such as social change and technological development, that have affected where property is located in recent years. Focuses on the retail sector, but also covers offices, industrial and residential property. | ||
| 650 | _aLAND MANAGEMENT | ||
| 650 | _aLAND ECONOMY | ||
| 650 | _aRETAIL PROPERTY | ||
| 650 | _aLOCATION | ||
| 650 | 2 | 4 | _aEBOOK |
| 650 | _aPROPERTY-COMMERCIAL PROPERTY | ||
| 650 |
_aRESIDENTIAL PROPERTY _96266 |
||
| 650 | _aINDUSTRIAL PROPERTY | ||
| 690 | _aPROPERTY-PROPERTY DEVELOPMENT | ||
| 856 |
_uhttps://www.vlebooks.com/ _zView on VLEbooks. Logins for members only from [email protected] |
||
| 942 | _n0 | ||
| 999 |
_c102195 _d102195 |
||